LEADER 01617nam a2200289 a 4500 001 000000148293 003 CaOOAMICUS 005 20151217160425.0 008 151217s2015 it frm z000 u fre r 032 $aLibriCat 040 $aPUL$bita 100 1 $aKakpovi, Kouessiba Victoire.$0(OLS)http://pul/name/94697 245 13$aLa problématique de la sanction historique évolutive, mutation dans le temps et dans l'espace, en particulier en Rèpublique du Bénin:$bpragmatisme original à la remorque de la modernité juridique /$cKakpovi Kouessiba Victoire . 260 $aRoma :$b[s.n.],$c2015. 300 $a128 p.$c24 cm 502 $aEstratto da tesi di Dottorato -- Pontificia Università Lateranense. Facultas Iuris Civilis, 2015. 504 $aBibliografia: p.[113]-126. 650 4$aDiritto penale comparato.$0(OLS)http://pul/subject/40778 650 4$aSanzione$xDiritto internazionale.$0(OLS)http://pul/subject/33797 650 4$aSanzioni penali.$0(OLS)http://pul/subject/42819 710 2 $aPontificia Università Lateranense.$bFacoltà di diritto civile$kTesi.$0(OLS)http://pul/name/81778 850 $aPUL 852 $aPUL$W1$xDP1 Tesi Pon Univ. Lateranense$y41$m2015 D 2$j169000$qTesi$B172135$CPULBib$Z2$F172135 $82 941 1 $a16 996 $6245$aLa problématique de la sanction historique évolutive, mutation dans le temps et dans l'espace, en particulier en Rèpublique du Bénin:$bpragmatisme original à la remorque de la modernité juridique$9(OLS)http://pul/title/187095 996 $6260$aRoma :$b[s.n.]$9(OLS)http://pul/publisher/47958 LEADER 01417nam a2200301 a 4500 001 000000159458 003 CaOOAMICUS 005 20170315174726.0 008 170315s2016 it 000 u ita r 020 $a978-88-921-0650-5* 032 $aLibriCat 040 $aPUL$bita 082 14$a332.7 100 1 $aCastaldo, Angelo.$0(OLS)http://pul/name/101964 245 12$aL'informazione nei mercati finanziari : il ruolo delle agenzie di rating :$borigine, evoluzione e opzioni di policy del mercato dei giudizi / $cAngelo Castaldo, Ludovica Palla . 260 $aTorino :$bGiappichelli,$c©2016. 300 $aXI, 129 p. ; $c24 cm. 504 $aBibliografia in nota a piè pagina. 650 4$aFinanza internazionale.$0(OLS)http://pul/subject/35917 700 1 $aPalla,.$0(OLS)http://pul/name/101966 850 $aPUL 852 $aPUL$W1$xSL Diritto e Scienze Sociali 3$y79$m332. 7 CASAN 1$j182866$qDDC 21$B186074$CPULBib$Z2$F186074 $H129085 $82 941 1 $a9 996 $6020$a978-88-921-0650-5*$9(OLS)http://pul/number/162213 996 $6082$a332.7$9(OLS)http://pul/classification/3044 996 $6245$aL'informazione nei mercati finanziari : il ruolo delle agenzie di rating :$borigine, evoluzione e opzioni di policy del mercato dei giudizi / $9(OLS)http://pul/title/199077 996 $6260$aTorino :$bGiappichelli$9(OLS)http://pul/publisher/48244